Fish wealth of East Pakistan. (Record no. 61567)

MARC details
000 -LEADER
fixed length control field 00696cam a22002531 4500
001 - CONTROL NUMBER
control field sa 65000473
003 - CONTROL NUMBER IDENTIFIER
control field DLC
005 - DATE AND TIME OF LATEST TRANSACTION
control field 20260227112103.0
008 - FIXED-LENGTH DATA ELEMENTS--GENERAL INFORMATION
fixed length control field 850612s1955 bg ab f000 0 eng
010 ## - LIBRARY OF CONGRESS CONTROL NUMBER
LC control number sa 65000473
025 ## - OVERSEAS ACQUISITION NUMBER
Overseas acquisition number PL480:EP-E-240
035 ## - SYSTEM CONTROL NUMBER
System control number (OCoLC)12149521
040 ## - CATALOGING SOURCE
Original cataloging agency DLC
Transcribing agency HU
Modifying agency DLC
042 ## - AUTHENTICATION CODE
Authentication code premarc
043 ## - GEOGRAPHIC AREA CODE
Geographic area code a-bg---
050 00 - LIBRARY OF CONGRESS CALL NUMBER
Classification number SH300.P3
Item number A6
100 1# - MAIN ENTRY--PERSONAL NAME
Personal name Ahmad, Nazir,
Dates associated with a name 1910-
245 10 - TITLE STATEMENT
Title Fish wealth of East Pakistan.
260 ## - PUBLICATION, DISTRIBUTION, ETC.
Place of publication, distribution, etc. [Dacca,
Name of publisher, distributor, etc. Public Relations Dept., Govt. of East Bengal,
Date of publication, distribution, etc. 1955]
300 ## - PHYSICAL DESCRIPTION
Extent 25 p.
Other physical details illus., fold map.
Dimensions 25 cm.
500 ## - GENERAL NOTE
General note Cover title.
650 #0 - SUBJECT ADDED ENTRY--TOPICAL TERM
Topical term or geographic name entry element Fisheries
Geographic subdivision Bangladesh.
650 #0 - SUBJECT ADDED ENTRY--TOPICAL TERM
Topical term or geographic name entry element Fish culture
Geographic subdivision Bangladesh.

No items available.

Powered by Koha